[Event "Florianopolis op 6th"]
[Site "Florianopolis"]
[Date "2020.01.24"]
[Round "7"]
[White "Monteiro, Daniel Zotelli"]
[Black "Horisch, Juan Pablo"]
[Result "1-0"]
[WhiteElo "1590"]
[BlackElo "1824"]
[PlyCount "113"]
[EventDate "2020.01.20"]
[EventType "swiss"]
[EventRounds "10"]
[EventCountry "BRA"]
[SourceTitle "CBM 194 Extra"]
[Source "ChessBase"]
[SourceDate "2020.03.31"]
[SourceVersion "1"]
[SourceVersionDate "2020.03.31"]
[SourceQuality "1"]

1. e4 d6 2. d4 Nf6 3. Nc3 Nbd7 4. Nf3 e5 5. Bd3 Be7 6. Bd2 c6 7. Qe2 a5 8. a4 0-0 9. 0-0 Re8 10. Rfe1 Qb6 11. dxe5 dxe5 12. Bc4 h6 13. b3 Qc7 14. Nh4 Nc5 15. Qf3 Be6 16. Bxe6 Nxe6 17. Nf5 Bf8 18. Nxh6+ gxh6 19. Qxf6 Bg7 20. Qh4 Kh7 21. Re3 Nd4 22. Rh3 Re6 23. f4 exf4 24. Bxf4 Qe7 25. Qxe7 Rxe7 26. Rc1 Rd8 27. Bg5 f6 28. Be3 Rdd7 29. Kf2 f5 30. Ne2 fxe4 31. Nxd4 Bxd4 32. Rxh6+ Kg7 33. Rh3 Bc3 34. Bh6+ Kg6 35. Rxc3 Kxh6 36. Re3 Rf7+ 37. Ke2 Rde7 38. Rh3+ Kg5 39. Rg3+ Kf4 40. Rf1+ Ke5 41. Rxf7 Rxf7 42. Ke3 Re7 43. Rg4 Kf5 44. Rf4+ Kg5 45. Rxe4 Rh7 46. h3 Kf5 47. h4 Kf6 48. Kf3 b5 49. axb5 cxb5 50. c4 b4 51. g3 Rd7 52. g4 Rd3+ 53. Re3 Rd1 54. Ke4 Kg6 55. Rd3 Rg1 56. Rd6+ Kg7 57. Kf5 1-0

[Event "Florianopolis op 6th"]
[Site "Florianopolis"]
[Date "2020.01.22"]
[Round "4"]
[White "Horisch, Juan Pablo"]
[Black "Carstens Dobuchak, Thiago"]
[Result "1/2-1/2"]
[WhiteElo "1824"]
[BlackElo "2149"]
[PlyCount "45"]
[EventDate "2020.01.20"]
[EventType "swiss"]
[EventRounds "10"]
[EventCountry "BRA"]
[SourceTitle "CBM 194 Extra"]
[Source "ChessBase"]
[SourceDate "2020.03.31"]
[SourceVersion "1"]
[SourceVersionDate "2020.03.31"]
[SourceQuality "1"]

1. d4 Nf6 2. Nf3 e6 3. Bf4 d5 4. e3 Be7 5. Nbd2 0-0 6. h3 b6 7. Bd3 c5 8. c3 Bb7 9. 0-0 Nbd7 10. a4 Ne4 11. a5 Ndf6 12. a6 Bc6 13. Ne5 Rc8 14. Nxc6 Rxc6 15. Nxe4 Nxe4 16. Bxe4 dxe4 17. Qa4 Qa8 18. Rfd1 c4 19. d5 exd5 20. Rxd5 Bc5 21. Rad1 h6 22. Qxc4 Bxe3 23. Qxe4 1/2-1/2

[Event "Florianopolis op 6th"]
[Site "Florianopolis"]
[Date "2020.01.21"]
[Round "2"]
[White "Horisch, Juan Pablo"]
[Black "Borges, Paulo Felipe Rosa"]
[Result "1-0"]
[WhiteElo "1824"]
[BlackElo "1512"]
[PlyCount "77"]
[EventDate "2020.01.20"]
[EventType "swiss"]
[EventRounds "10"]
[EventCountry "BRA"]
[SourceTitle "CBM 194 Extra"]
[Source "ChessBase"]
[SourceDate "2020.03.31"]
[SourceVersion "1"]
[SourceVersionDate "2020.03.31"]
[SourceQuality "1"]

1. Nf3 c5 2. e4 d6 3. Nc3 g6 4. a4 Nc6 5. Bc4 e6 6. d3 Be7 7. 0-0 Nf6 8. h3 0-0 9. Ba2 b6 10. Re1 Bb7 11. Bf4 Nd7 12. Qd2 Nb4 13. Bb1 d5 14. e5 d4 15. Ne4 Nd5 16. Bh2 Rb8 17. Ba2 b5 18. a5 Qc7 19. c3 dxc3 20. bxc3 Rfd8 21. h4 Nf8 22. h5 h6 23. Qe2 Nh7 24. Rec1 Qd7 25. Rd1 Rbc8 26. Rac1 Qc6 27. Nd6 Ba8 28. d4 c4 29. Bb1 Ng5 30. Nxg5 Bxg5 31. Qe4 Kf8 32. Qf3 Rxd6 33. exd6 Bxc1 34. Rxc1 Nf6 35. Qh3 Nxh5 36. f3 Nf6 37. Rd1 Rd8 38. Qh4 Qd5 39. Kh1 1-0

[Event "General Pico 113 Anniv sf U1700/2300"]
[Site "General Pico"]
[Date "2018.11.02"]
[Round "1.3"]
[White "Quiroga, Facundo"]
[Black "Horisch, Juan Pablo"]
[Result "1-0"]
[WhiteElo "2282"]
[BlackElo "1770"]
[PlyCount "69"]
[EventDate "2018.11.02"]
[EventType "swiss"]
[EventRounds "6"]
[EventCountry "ARG"]
[SourceTitle "EXT 2024"]
[Source "ChessBase"]
[SourceDate "2023.10.10"]
[SourceVersion "1"]
[SourceVersionDate "2023.10.10"]
[SourceQuality "1"]

1. d4 Nf6 2. c4 g6 3. Nf3 Bg7 4. e4 d6 5. Nc3 0-0 6. Be2 Nbd7 7. 0-0 e5 8. Re1 Re8 9. d5 Nc5 10. Bf1 a5 11. b3 Rf8 12. a3 Ne8 13. Rb1 f5 14. Nd2 Nf6 15. b4 Ncxe4 16. Ndxe4 Nxe4 17. Nxe4 fxe4 18. Be3 axb4 19. axb4 Bd7 20. c5 Qe7 21. Qc1 Rfc8 22. Ra1 Bf8 23. Qc4 Bf5 24. h3 h5 25. Rxa8 Rxa8 26. Qb5 Rb8 27. Ra1 Qe8 28. Qc4 Kh8 29. Ra7 c6 30. dxc6 bxc6 31. cxd6 Bxd6 32. Bg5 Be6 33. Bf6+ Kg8 34. Rg7+ Kf8 35. Qc1 1-0

[Event "Santa Rosa op 3rd"]
[Site "Santa Rosa"]
[Date "2018.07.09"]
[Round "5.11"]
[White "Petrelli, Luis Mariano"]
[Black "Horisch, Juan Pablo"]
[Result "0-1"]
[WhiteElo "1704"]
[BlackElo "1778"]
[PlyCount "50"]
[EventDate "2018.07.07"]
[EventType "swiss"]
[EventRounds "6"]
[EventCountry "ARG"]
[SourceTitle "EXT 2024"]
[Source "ChessBase"]
[SourceDate "2023.10.10"]
[SourceVersion "1"]
[SourceVersionDate "2023.10.10"]
[SourceQuality "1"]

1. e4 c5 2. Bc4 e6 3. Nc3 Nc6 4. Nf3 d6 5. d3 Nf6 6. h3 Be7 7. Be3 a6 8. a4 0-0 9. Ba2 Qc7 10. Qd2 Rb8 11. Bf4 b5 12. Ne2 bxa4 13. c3 Na5 14. Qc2 Nb3 15. Rd1 Nd7 16. 0-0 a5 17. Bb1 e5 18. Be3 Bf6 19. d4 g6 20. d5 Ba6 21. c4 Rb4 22. Rfe1 Rfb8 23. Nd2 Nd4 24. Bxd4 cxd4 25. Ba2 Nc5 0-1

[Event "Rio de Janeiro Duchamp op"]
[Site "Rio de Janeiro"]
[Date "2017.11.18"]
[Round "9"]
[White "Horisch, Juan Pablo"]
[Black "Noseda, Francesco"]
[Result "0-1"]
[WhiteElo "1769"]
[BlackElo "1978"]
[PlyCount "218"]
[EventDate "2017.11.11"]
[EventType "swiss"]
[EventRounds "9"]
[EventCountry "BRA"]
[SourceTitle "CBM 181 Extra"]
[Source "ChessBase"]
[SourceDate "2017.12.12"]
[SourceVersion "1"]
[SourceVersionDate "2017.12.12"]
[SourceQuality "1"]

1. e4 c5 2. Nc3 Nc6 3. f4 g6 4. Nf3 Bg7 5. Bb5 Nd4 6. 0-0 Nxb5 7. Nxb5 d5 8. e5 a6 9. Nc3 d4 10. Ne4 Qd5 11. d3 Nh6 12. Ng3 0-0 13. Qe2 b6 14. Bd2 Bd7 15. b3 b5 16. Rae1 Rac8 17. Ng5 Rc6 18. h4 Bg4 19. Qf2 c4 20. Bb4 cxd3 21. cxd3 Rfc8 22. Re4 Rc2 23. Qxd4 Qxd4+ 24. Rxd4 Rxa2 25. N5e4 Bf8 26. Rf2 Ra1+ 27. Rf1 Rxf1+ 28. Kxf1 Nf5 29. Nxf5 Bxf5 30. Kf2 Bg4 31. Ke3 Bd1 32. Nd2 Ra8 33. Rd7 a5 34. Bxe7 Bxe7 35. Rxe7 a4 36. bxa4 bxa4 37. Rc7 a3 38. Rc1 a2 39. Ra1 Kf8 40. Nc4 Bb3 41. Kd4 Ke7 42. Kc3 Rb8 43. Na5 Bd5 44. Rxa2 Ra8 45. Ra3 Bxg2 46. Nc4 Rxa3+ 47. Nxa3 Ke6 48. Kd4 Kf5 49. Ke3 h5 50. Nc4 Kg4 51. Kf2 Bb7 52. Nd6 Bd5 53. Ne8 Kxf4 54. Nc7 Kxe5 55. Ke3 Bc6 56. Na6 Kd6 57. Nb4 f6 58. Kf4 Kc5 59. Nc2 Ba4 60. Ne3 Bb3 61. Ke4 Kd6 62. d4 Ke6 63. Kf4 Kd6 64. Ke4 Ba2 65. Kf4 Be6 66. Ke4 g5 67. hxg5 fxg5 68. Kf3 h4 69. Kg2 Ke7 70. d5 Bd7 71. Nc4 Bb5 72. Ne5 Kf6 73. Nf3 Bd7 74. Kf2 Kf5 75. Kg2 Ba4 76. d6 Bc6 77. Kf2 Bd7 78. Nd4+ Ke4 79. Nf3 Kf4 80. Kg2 Ba4 81. Kf2 Be8 82. Kg2 Bc6 83. Kf2 h3 84. Nd4 Bd7 85. Ne2+ Ke5 86. Nc3 g4 87. Kg3 Kxd6 88. Ne2 Ke5 89. Nf4 Ke4 90. Nh5 Ke3 91. Nf6 Bc8 92. Nd5+ Ke2 93. Nf4+ Kf1 94. Kh2 Kf2 95. Nd3+ Ke3 96. Ne5 Bf5 97. Kg3 Ke2 98. Nc4 Be4 99. Ne5 Bf5 100. Nc4 Be6 101. Ne5 Kf1 102. Kh2 Bc8 103. Nd3 Bb7 104. Nf4 Bc8 105. Nd3 Ke2 106. Ne5 Be6 107. Kg3 Bf5 108. Nc4 h2 109. Kxh2 Kf2 0-1

[Event "Rio de Janeiro Duchamp op"]
[Site "Rio de Janeiro"]
[Date "2017.11.14"]
[Round "5"]
[White "Horisch, Juan Pablo"]
[Black "Da Costa, Carlos Henrique Luz"]
[Result "1-0"]
[WhiteElo "1769"]
[BlackElo "1542"]
[PlyCount "87"]
[EventDate "2017.11.11"]
[EventType "swiss"]
[EventRounds "9"]
[EventCountry "BRA"]
[SourceTitle "CBM 181 Extra"]
[Source "ChessBase"]
[SourceDate "2017.12.12"]
[SourceVersion "1"]
[SourceVersionDate "2017.12.12"]
[SourceQuality "1"]

1. e4 g6 2. d4 Bg7 3. Nf3 d6 4. h3 Nf6 5. Bd3 0-0 6. 0-0 Nbd7 7. Re1 e5 8. c3 Nb6 9. Nbd2 Bd7 10. Nf1 Nh5 11. Rb1 Nf4 12. Ng3 a6 13. b3 Nxd3 14. Qxd3 exd4 15. cxd4 Bb5 16. Qe3 Re8 17. a4 Bd7 18. Qd3 h6 19. Be3 c6 20. Rbd1 Be6 21. Ne2 d5 22. e5 Bf5 23. Qd2 g5 24. Ng3 Bg6 25. Nh2 f5 26. f4 a5 27. fxg5 h5 28. h4 Bf8 29. Rf1 Qd7 30. Qf2 Bb4 31. Nxf5 Rf8 32. Nh6+ Kg7 33. Qe2 Rxf1+ 34. Nxf1 Rf8 35. Ng3 Qe8 36. Rf1 Na8 37. Rxf8 Qxf8 38. Nxh5+ Bxh5 39. Qxh5 Nc7 40. Qg4 Qe8 41. h5 Ne6 42. g6 Nf8 43. Nf7 Qe6 44. h6+ 1-0

[Event "Santo Tome op Rapid"]
[Site "Santo Tome"]
[Date "2015.07.10"]
[Round "1.1"]
[White "Horisch, Juan Pablo"]
[Black "Cidre, Valentino"]
[Result "0-1"]
[WhiteElo "2005"]
[BlackElo "1960"]
[PlyCount "98"]
[EventDate "2015.07.10"]
[EventType "tourn (rapid)"]
[EventRounds "6"]
[EventCountry "ARG"]
[SourceTitle "EXT 2024"]
[Source "ChessBase"]
[SourceDate "2023.10.10"]
[SourceVersion "1"]
[SourceVersionDate "2023.10.10"]
[SourceQuality "1"]

1. Nf3 d5 2. d4 c6 3. Bf4 Bf5 4. Nbd2 Nf6 5. h3 e6 6. e3 Qb6 7. Nb3 a5 8. a4 Na6 9. c3 Be7 10. Be2 0-0 11. Ne5 h6 12. g4 Be4 13. f3 Bh7 14. g5 hxg5 15. Bxg5 Qd8 16. Ng4 Nxg4 17. Bxe7 Nxe3 18. Bxd8 Nxd1 19. Be7 Rfe8 20. Ba3 Ne3 21. Kd2 Nc2 22. Ra2 Nxa3 23. Rxa3 b6 24. h4 f6 25. h5 Kf7 26. Raa1 Nc7 27. h6 gxh6 28. Rxh6 Bf5 29. Bd3 Bxd3 30. Kxd3 Rh8 31. Rah1 Rxh6 32. Rxh6 Rg8 33. Nd2 Kg7 34. Rh2 Re8 35. Rg2+ Kf7 36. f4 Rh8 37. Ke2 Ne8 38. Kf3 Nd6 39. Re2 Rh3+ 40. Kg2 Rh4 41. Kf3 Nf5 42. Nb3 Rh1 43. Kg2 Rd1 44. Nd2 Ra1 45. b3 Rc1 46. b4 Rxc3 47. bxa5 bxa5 48. Nb1 Rb3 49. Nd2 Rb2 0-1